| Tag |
First Indicator |
Second Indicator |
Subfields |
| LEADER |
00000cam a2200000 4500 |
| 001 |
in00000051905 |
| 005 |
20151007074059.0 |
| 008 |
780511s1951 ohua b 00010 eng d |
| 010 |
|
|
|a 51003335
|
| 035 |
|
|
|a (OCoLC)03886532
|
| 035 |
|
|
|9 AAF0900AM
|
| 040 |
|
|
|a APL
|c APL
|d TXA
|d UtOrBLW
|
| 049 |
|
|
|a TXAM
|c [202315]
|
| 050 |
|
0 |
|a QD543
|b .A63
|
| 092 |
|
|
|a 541.341
|b A512a
|
| 110 |
2 |
|
|a American Society for Metals.
|
| 245 |
1 |
0 |
|a Atom movements ;
|b a seminar on atom movements held during the Thirty-second National Metal Congress and Exposition, Chicago, October 21 to 27, 1950 /
|c sponsored by the American Society for Metals.
|
| 264 |
|
1 |
|a Cleveland,
|b [publisher not identified] ;
|c [1951]
|
| 300 |
|
|
|a 240 pages :
|b illustrations ;
|c 24 cm.
|
| 336 |
|
|
|a text
|b txt
|2 rdacontent
|
| 337 |
|
|
|a unmediated
|b n
|2 rdamedia
|
| 338 |
|
|
|a volume
|b nc
|2 rdacarrier
|
| 504 |
|
|
|a Includes bibliographies.
|
| 650 |
|
0 |
|a Diffusion.
|
| 999 |
|
|
|a MARS
|
| 999 |
f |
f |
|s 809dc607-44c2-35b2-b5c2-e046ac8f602a
|i eaca6d05-be40-3899-a482-c3fcdfebe298
|t 0
|
| 952 |
f |
f |
|p ric
|a Texas A&M University
|b Rellis Campus
|c Joint Library Facility
|s JLF
|d Remote Storage
|t 0
|e QD543 .A63
|h Library of Congress classification
|i unmediated -- volume
|m A14800936046
|
| 998 |
f |
f |
|a QD543 .A63
|t 0
|l Remote Storage
|